Encounters with nature : Essays

Tallennettuna:
Bibliografiset tiedot
Päätekijä: Shepard, Paul
Aineistotyyppi: Kirja
Kieli:Undetermined
Julkaistu: Washington, D.C. Island Press [for] Shearwater Books 1999
Aiheet:
Tagit: Lisää tagi
Ei tageja, Lisää ensimmäinen tagi!
Thư viện lưu trữ: Trung tâm Học liệu Trường Đại học Cần Thơ
LEADER 00554nam a2200205Ia 4500
001 CTU_129960
008 210402s9999 xx 000 0 und d
020 |c 25.00 
082 |a 508 
082 |b S547 
100 |a Shepard, Paul 
245 0 |a Encounters with nature : 
245 0 |b Essays 
245 0 |c Paul Shepard ; Edited by Florence R. Shepard 
260 |a Washington, D.C. 
260 |b Island Press [for] Shearwater Books 
260 |c 1999 
650 |a Nature 
904 |i Giang 
980 |a Trung tâm Học liệu Trường Đại học Cần Thơ